[Event "Tom Weston Major op"]
[Site "Cardiff"]
[Date "2015.04.06"]
[Round "7"]
[White "Gibiec, Ernest"]
[Black "Pinto, Celso Bettencourt"]
[Result "1-0"]
[WhiteElo "2142"]
[BlackElo "2052"]
[PlyCount "87"]
[EventDate "2015.04.03"]
[EventType "swiss"]
[EventRounds "7"]
[EventCountry "WLS"]
[SourceTitle "EXT 2018"]
[Source "ChessBase"]
[SourceDate "2017.10.13"]
[SourceVersion "1"]
[SourceVersionDate "2017.10.13"]
[SourceQuality "1"]

1. d4 Nf6 2. c4 g6 3. Nc3 Bg7 4. Nf3 0-0 5. Bg5 d6 6. e3 Nbd7 7. Be2 c6 8. Qc2 Re8 9. 0-0 Qc7 10. Rfd1 a6 11. a4 a5 12. Rac1 b6 13. h3 Bb7 14. e4 Rac8 15. Qd2 Rcd8 16. Qf4 Nf8 17. d5 c5 18. Qh4 Bc8 19. Rd2 N8d7 20. Rcd1 Nf8 21. e5 h6 22. exd6 Qxd6 23. Bf4 g5 24. Bxd6 gxh4 25. Bc7 Rd6 26. Bd3 Ba6 27. Bxd6 exd6 28. Nxh4 Nh5 29. Ne4 Rd8 30. Nf5 Nf4 31. Bf1 Be5 32. g3 Nh5 33. f4 Bc8 34. Ne7+ Kg7 35. fxe5 dxe5 36. Rf2 Nh7 37. Nxc8 Rxc8 38. Be2 N5f6 39. Nxf6 Nxf6 40. Rdf1 Ne4 41. Rxf7+ Kg8 42. Kg2 Nd2 43. R1f5 Ne4 44. Re7 1-0